[Event "Open"]
[Site "Jersey JCI"]
[Date "2004.02.23"]
[Round "2"]
[White "Fraser,M"]
[Black "Vickery,J"]
[Result "1/2-1/2"]
[WhiteElo "2181"]
[BlackElo "2166"]

1.d4 Nf6 2.Bg5 Ne4 3.Bf4 d5 4.f3 Nf6 5.Nc3 e6 6.e4 Bb4 7.Qd3 c5 8.Bxb8 Rxb8
9.dxc5 Qa5 10.Ne2 Bd7 11.e5 Bb5 12.Qd4 Nd7 13.a3 Bxc3+ 14.Nxc3 Bxf1 15.b4 Qc7
16.Kxf1 Qxe5 17.Qxe5 Nxe5 18.Re1 Nc4 19.Nxd5 Nxa3 20.Ne3 Nb5 21.Rd1 Ke7 22.c4 Nc7
23.Ra1 a6 24.Ke2 Rhd8 25.Rhd1 Rxd1 26.Rxd1 Rd8 27.Rxd8 Kxd8 28.Kd3 Kd7 29.Nc2 f6
30.f4 e5 31.fxe5 fxe5 32.Ke4 Ke6 33.g4 a5 34.b5 g5 35.Ne3 a4 36.Kd3 a3 37.Kc3 Kd7
38.Kb3 Ne6 39.c6+ bxc6 40.b6 c5 41.Kxa3 Kc6 42.Nd5 Nf4 43.Nf6 Kxb6 44.Nd7+ Kc7
45.Nxe5 Nh3 46.Ka4 Kd6 47.Nf7+ Kc6 48.Ne5+ Kd6 49.Nf7+ Kc6 50.Ne5+ Kd6 51.Nf7+  1/2-1/2

[Event "Aeroflot Open"]
[Site "Moscow RUS"]
[Date "2004.02.25"]
[Round "9"]
[White "Mamedyarov,S"]
[Black "Van Wely,L"]
[Result "1/2-1/2"]
[WhiteElo "2646"]
[BlackElo "2617"]

1.d4 Nf6 2.Bg5 Ne4 3.Bh4 c5 4.f3 g5 5.fxe4 gxh4 6.Nc3 cxd4 7.Qxd4 Rg8 8.e5 Nc6
9.Qe4 Qa5 10.Qxh7 Rg4 11.O-O-O Qxe5 12.Nf3 Qe3+ 13.Kb1 e6 14.Qh5 Rb4 15.Rd3 Qh6
16.Qxh6 Bxh6 17.e4 Bg7 18.a3 Rc4 19.Nb5 Ke7 20.Nd6 Ra4 21.Be2 Ne5 22.Nxe5 Bxe5
23.Rhd1 Bxd6 24.Rxd6 Rxe4 25.Bf3 Rf4 26.Bxb7 Bxb7 27.Rxd7+ Kf6 28.Rxb7 Rf2
29.Rd4 Kg5 30.g3 hxg3 31.hxg3 e5 32.Re4 Re8 33.g4 Rf4 34.Rxf4 exf4 35.Rxf7 Kxg4
36.c4 f3 37.c5 Kg3 38.Rg7+ Kf4 39.Rf7+ Ke3 40.Ka2 f2 41.c6 Ke2 42.b4 f1=Q
43.Rxf1 Kxf1 44.Kb3 Re3+ 45.Kc4 Rxa3 46.c7 Ra1 47.Kd5 Rc1 48.Kd6 Ke2 49.Kd7 Kd3
50.c8=Q Rxc8 51.Kxc8 Kc4 52.Kb7 Kxb4 53.Kxa7  1/2-1/2

[Event "Open"]
[Site "Jersey JCI"]
[Date "2004.02.27"]
[Round "6"]
[White "Collier,D"]
[Black "Richards,J"]
[Result "1/2-1/2"]
[WhiteElo "2225"]
[BlackElo "2035"]

1.d4 Nf6 2.Bg5 Ne4 3.Bf4 c5 4.f3 Qa5+ 5.c3 Nf6 6.Nd2 cxd4 7.Nb3 Qb6 8.Qxd4 Qxd4
9.cxd4 d5 10.e3 e6 11.Bd3 Bb4+ 12.Kf2 Nc6 13.a3 Be7 14.g4 g5 15.Bxg5 Nxg4+
16.fxg4 Bxg5 17.Nf3 Be7 18.Rag1 Bd7 19.Nc5 O-O-O 20.b4 Bxc5 21.dxc5 f6 22.b5 Ne7
23.a4 e5 24.Bc2 e4 25.Nd4 Rhg8 26.h3 f5 27.Ke1 Rdf8  1/2-1/2

[Event "20th Open"]
[Site "Cappelle la Grande FRA"]
[Date "2004.02.29"]
[Round "2"]
[White "Ivanisevic,I"]
[Black "Jaracz,B"]
[Result "1-0"]
[WhiteElo "2542"]
[BlackElo "2287"]

1.d4 Nf6 2.Bg5 Ne4 3.Bf4 c5 4.f3 Qa5+ 5.c3 Nf6 6.d5 Qb6 7.Bc1 e6 8.c4 Qb4+
9.Bd2 Qb6 10.e4 d6 11.Nc3 exd5 12.exd5 Be7 13.Bd3 O-O 14.Nge2 a6 15.a4 Nbd7
16.b3 Ne5 17.Bc2 Re8 18.O-O Qc7 19.h3 Bd7 20.a5 b5 21.axb6 Qxb6 22.Kh2 Ng6
23.g4 h6 24.Ng3 a5 25.f4 Nh7 26.g5 hxg5 27.fxg5 Bxg5 28.Rxf7 Bxd2 29.Qxd2 Ne5
30.Rxg7+ Kxg7 31.Nh5+ Kh8 32.Qh6 Re7 33.Nf6 Bxh3 34.Kh1 Bf5 35.Bxf5 Qb7 36.Bxh7 Rxh7
37.Nxh7  1-0

[Event "20th Open"]
[Site "Cappelle la Grande FRA"]
[Date "2004.03.01"]
[Round "3"]
[White "Vandevoort,P"]
[Black "Socko,B"]
[Result "0-1"]
[WhiteElo "2379"]
[BlackElo "2556"]

1.d4 Nf6 2.Bg5 Ne4 3.Bf4 c5 4.d5 Qb6 5.Nd2 Nxd2 6.Bxd2 Qxb2 7.Nf3 b6 8.e4 d6
9.a4 Qf6 10.a5 bxa5 11.Rxa5 g6 12.e5 dxe5 13.Rxc5 Nd7 14.Bb4 Bg7 15.Rc6 Qf5
16.Qe2 e4 17.Ng5 Qxd5 18.Rc7 Qe5 19.Rc3 Rf8 20.Rb3 Bb7  0-1

[Event "ch-BRA"]
[Site "Rio de Janeiro BRA"]
[Date "2004.03.01"]
[Round "7"]
[White "Toth,Chr"]
[Black "Lima,Da"]
[Result "0-1"]
[WhiteElo "2344"]
[BlackElo "2537"]

1.d4 Nf6 2.Bg5 Ne4 3.Bf4 c5 4.f3 Qa5+ 5.c3 Nf6 6.Nd2 cxd4 7.Nb3 Qf5 8.Bxb8 Rxb8
9.Qxd4 b6 10.e4 Qf4 11.Nh3 Qc7 12.e5 Ng8 13.f4 e6 14.Ng5 Ne7 15.O-O-O Nc6
16.Qd2 f6 17.exf6 gxf6 18.Ne4 f5 19.Nf6+ Kf7 20.Nh5 Rg8 21.Nd4 Nxd4 22.Qxd4 Be7
23.g4 Qc5 24.gxf5 Qxd4 25.cxd4 Bb7 26.d5 Rbc8+ 27.Kb1 Bxd5 28.Rxd5 exd5 29.Ng3 Rg4
30.Bg2 Rxf4 31.Bxd5+ Kf8 32.Rg1 Bc5 33.Rd1 Rd4 34.Rxd4 Bxd4 35.Ne4 Ke7  0-1

[Event "20th Open"]
[Site "Cappelle la Grande FRA"]
[Date "2004.03.06"]
[Round "9"]
[White "Chernyshov,K"]
[Black "Brodsky,M"]
[Result "1/2-1/2"]
[WhiteElo "2557"]
[BlackElo "2528"]

1.d4 Nf6 2.Bg5 Ne4 3.Bf4 c5 4.f3 Qa5+ 5.c3 Nf6 6.d5 Qb6 7.Bc1 e6 8.c4 exd5
9.cxd5 c4 10.e4 Bc5 11.Nh3 d6 12.g4 O-O 13.Nc3 Re8 14.Qa4  1/2-1/2

[Event "ch-PER"]
[Site "Lima PER"]
[Date "2004.03.07"]
[Round "3.2"]
[White "Cordova,Em"]
[Black "Garcia,Ja"]
[Result "1-0"]
[WhiteElo "2298"]
[BlackElo "2324"]

1.d4 Nf6 2.Bg5 Ne4 3.Bf4 c5 4.f3 Qa5+ 5.c3 Nf6 6.d5 d6 7.e4 g6 8.Nd2 Bg7
9.Bd3 O-O 10.Ne2 Qd8 11.O-O e6 12.Qb3 exd5 13.exd5 Nh5 14.Be3 Nd7 15.Nc4 Nb6
16.Nxb6 axb6 17.g4 Re8 18.Bf2 Nf6 19.Ng3 Bh6 20.Qd1 Bf4 21.c4 Bd7 22.a4 Qe7
23.Qc2 Qe5 24.Kg2 Qg5 25.Rh1 Be3 26.h4 Qf4 27.Ne2 Qe5 28.Bg3 Qe7 29.b3 Rad8
30.Nf4 Bc8 31.Rae1 Qf8 32.g5 Nd7  1-0

[Event "21st Open"]
[Site "Reykjavik ISL"]
[Date "2004.03.08"]
[Round "2"]
[White "Rogers,I"]
[Black "Maze,S"]
[Result "1-0"]
[WhiteElo "2582"]
[BlackElo "2462"]

1.d4 Nf6 2.Bg5 Ne4 3.h4 d5 4.Nd2 c5 5.Nxe4 dxe4 6.dxc5 Qa5+ 7.c3 Qxc5 8.Qa4+ Qc6
9.Qxc6+ Nxc6 10.f3 Bf5 11.g4 Be6 12.Nh3 O-O-O 13.Be3 exf3 14.exf3 Bd5 15.Kf2 f6
16.Nf4 Bf7 17.Bd3 g6 18.h5 Ne5 19.Be4 g5 20.Bf5+ Kc7 21.Ne6+ Bxe6 22.Bxe6 Nd3+
23.Ke2 Nf4+ 24.Bxf4+ gxf4 25.Rad1 Bh6 26.Rd4 Rd6 27.Rxd6 exd6 28.Kd3 Re8
29.Re1 d5 30.Re2 Kd6 31.Bf5 Re3+ 32.Rxe3 fxe3 33.Bxh7 a5 34.Bg6 Ke5 35.Be8 Kf4
36.Ke2 b6 37.Bc6 Ke5 38.Kd3 Bg5 39.Ba4 Kf4 40.Bd1 Kg3 41.Ke2 Kf4 42.Bb3 Ke5
43.Kd3 Bh6 44.Bd1 Bg5 45.c4 dxc4+ 46.Kxc4 Kf4 47.Kd5 f5 48.Ke6 fxg4 49.fxg4 Bd8
50.h6 Kg5 51.h7 Bf6 52.Kf7 Bxb2 53.a4 Kh6 54.Kg8 Kg5 55.Be2 Bc3 56.h8=Q Bxh8
57.Kxh8 b5 58.axb5 a4 59.b6 a3 60.b7 a2 61.b8=Q a1=Q+ 62.Kh7 Qh1+ 63.Kg8 Qd5+
64.Kf8 Qc5+ 65.Kf7 Qd5+ 66.Ke7 Qe4+ 67.Kf8 Qd4 68.Qb5+ Kh4 69.Kf7 Qa7+ 70.Kg6 Qe7
71.Qh5+ Kg3 72.Qf5 Qe8+ 73.Kf6  1-0

[Event "94th NY Masters"]
[Site "New York USA"]
[Date "2004.03.09"]
[Round "1"]
[White "Rosenberg,E"]
[Black "Becerra Rivero,J"]
[Result "0-1"]
[WhiteElo "2163"]
[BlackElo "2569"]

1.d4 Nf6 2.Bg5 Ne4 3.Bf4 c5 4.f3 Qa5+ 5.c3 Nf6 6.d5 e6 7.e4 d6 8.dxe6 Bxe6
9.Na3 Be7 10.Nc4 Bxc4 11.Bxc4 O-O 12.Ne2 Nbd7 13.a3 b5 14.Ba2 Rad8 15.O-O Qc7
16.Ng3 c4 17.Nf5 Ne5 18.Bb1 Rfe8 19.Qe1 Bf8 20.Bg5 d5 21.Bxf6 Qb6+ 22.Nd4 Qxf6
23.Nxb5 dxe4 24.Bxe4 Nd3 25.Qg3 Bc5+ 26.Kh1 g6 27.Bxd3 cxd3 28.b4 Be3 29.Rad1 Qc6
30.c4 Rd7 31.Qg4 d2 32.Nc3 Rd4 33.Qh3 Qxc4 34.Ne4 Rexe4 35.fxe4 Qxf1+ 36.Rxf1 d1=Q
37.g3 Qc2 38.Qg4 Qxe4+ 39.Qxe4 Rxe4 40.Rd1 Bb6 41.Kg2 Re2+ 42.Kh3 Ra2 43.Rd3 h5
44.Rc3 Kg7 45.Rf3 Bg1  0-1

[Event "ch-PER"]
[Site "Lima PER"]
[Date "2004.03.11"]
[Round "5.2"]
[White "Cordova,Em"]
[Black "Esplana,C"]
[Result "0-1"]
[WhiteElo "2298"]
[BlackElo "2320"]

1.d4 Nf6 2.Bg5 Ne4 3.Bf4 d5 4.e3 Bf5 5.f3 Nf6 6.g4 Bg6 7.h4 h5 8.g5 Nfd7
9.Nc3 e6 10.Qd2 c5 11.Bh3 Nc6 12.Nge2 Rc8 13.O-O Nb6 14.b3 cxd4 15.exd4 Bb4
16.a3 Bxc3 17.Nxc3 a6 18.Ne2 Ne7 19.Rac1 Bf5 20.Bg2 O-O 21.Bg3 Ng6 22.Nf4 Nxf4
23.Bxf4 Rc6 24.a4 Qc8 25.Rf2 Rd8 26.Bf1 Rc3 27.a5 Nd7 28.Bc4 Rxc4 29.bxc4 dxc4
30.Qb4 Nf8 31.c3 Ng6 32.Bg3 Rd7 33.Ra1 Ne7 34.Ra4 Bd3 35.Rd2 Qc6 36.Raa2 Qxf3
37.Rg2 Nf5 38.Qa4 Rd8 39.Bc7 Rf8 40.Raf2 Qe3 41.Qa1 Be4 42.Bf4 Qh3 43.Qd1 Bxg2
44.Rxg2 Qxh4 45.Qf1 g6 46.Bd2 Ng3 47.Qf3 Qh1+ 48.Kf2 h4 49.Ke3 Qb1 50.Kf2 f6
51.Rg1 Qc2 52.Qe3 fxg5+ 53.Kg2 Ne4  0-1

[Event "TCh-CZE Extraliga 2003-4"]
[Site "Czech Rep CZE"]
[Date "2004.03.20"]
[Round "8"]
[White "Prymula,R"]
[Black "Dvorak,T"]
[Result "1-0"]
[WhiteElo "2305"]
[BlackElo "2331"]

1.d4 Nf6 2.Bg5 Ne4 3.Bf4 c5 4.f3 Qa5+ 5.c3 Nf6 6.Nd2 cxd4 7.Nb3 Qb6 8.Qxd4 Nc6
9.Qxb6 axb6 10.Be3 d5 11.Bxb6 e5 12.Bf2 Be7 13.a3 O-O 14.g3 Rd8 15.Bh3 d4
16.cxd4 Nxd4 17.Bxd4 exd4 18.Rd1 Nd5 19.Rxd4 Bf6 20.Rd2 Bxh3 21.Nxh3 Ne3
22.Kf2 Nc4 23.Rxd8+ Rxd8 24.Rc1 b5 25.a4 Bxb2 26.Rc2 bxa4 27.Rxc4 axb3 28.Rb4 Bd4+
29.e3 Bc5 30.Rxb3 Rd2+ 31.Kg1 h6 32.Nf4 g5 33.Nh5 Re2 34.Nf6+ Kg7 35.Ng4 h5
36.Kf1 Ra2 37.Nf2 Ra1+ 38.Ke2 Ra2+ 39.Ke1 Ra1+ 40.Nd1 Ra2 41.Rb5 Rc2 42.e4 f6
43.Rb2 Rc1 44.Kd2 Ra1 45.Rb5 Bg1 46.h4 gxh4 47.gxh4 Kg6 48.Nc3 Bf2 49.Nd5 Ra2+
50.Kd3 Ra3+ 51.Kc2 Ra2+ 52.Kd1 Bxh4 53.Nf4+ Kf7 54.Rb7+ Ke8 55.Nxh5 Ra5 56.Ng7+ Kf8
57.Ne6+ Ke8 58.Ke2 Bg3 59.f4 Ra3 60.Rh7 Rb3 61.Nc7+ Kf8 62.Nd5 f5 63.e5 Rb5
64.Rd7 Bxf4 65.e6 Rxd5 66.Rxd5 Ke7 67.Rxf5 Bd6 68.Ke3 Kxe6 69.Ke4 Be7 70.Ra5 Bb4
71.Ra6+ Kd7 72.Kd5 Ke7 73.Re6+ Kf7 74.Ke5  1-0

[Event "TCh-BEL 2003-4"]
[Site "Belgium BEL"]
[Date "2004.03.23"]
[Round "11"]
[White "Vandevoort,P"]
[Black "Knoppert,E"]
[Result "1-0"]
[WhiteElo "2379"]
[BlackElo "2340"]

1.d4 Nf6 2.Bg5 Ne4 3.Bf4 d6 4.Nd2 Nf6 5.e4 g6 6.Ngf3 Bg7 7.c3 O-O 8.Bd3 Nh5
9.Be3 Nc6 10.d5 Nb8 11.Nd4 c6 12.Be2 Nf6 13.c4 c5 14.Nb5 a6 15.Nc3 Re8 16.a4 e6
17.O-O b6 18.f4 exd5 19.cxd5 Nxe4 20.Ncxe4 f5 21.Nxd6 Qxd6 22.Nc4 Qd8 23.Bf2 a5
24.Re1 Ba6 25.Bf1 Nd7 26.Qb3 Bxc4 27.Bxc4 Qf6 28.Bb5 Rxe1+ 29.Rxe1 Nf8 30.d6+ Kh8
31.d7 Qd6 32.Re8 Qxf4 33.Rxa8  1-0

[Event "TCh-FRA Nat1 GpB"]
[Site "Montpellier FRA"]
[Date "2004.04.01"]
[Round "4"]
[White "Kovarcik,Gu"]
[Black "Apicella,M"]
[Result "0-1"]
[WhiteElo "2192"]
[BlackElo "2540"]

1.d4 Nf6 2.Bg5 Ne4 3.Bf4 d5 4.f3 Nf6 5.e4 e6 6.e5 Nfd7 7.Be3 c5 8.c3 b6 9.f4 Ba6
10.Bxa6 Nxa6 11.Ne2 g6 12.O-O h5 13.Nd2 Nc7 14.g3 c4 15.h3 b5 16.Qc2 Nb6
17.a3 a5 18.Nf3 Be7 19.g4 hxg4 20.hxg4 Kd7 21.Kg2 b4 22.axb4 axb4 23.cxb4 Bxb4
24.Bd2 Be7 25.Ba5 Qb8 26.Rfb1 Ra6 27.Bxb6 Qxb6 28.Rxa6 Qxa6 29.Ng3 Rb8 30.f5 gxf5
31.gxf5 Qa2 32.Nd2 Nb5 33.Ne2 Rg8+ 34.Kf2 Nc7 35.f6 Bb4 36.Nf3 Rh8 37.Rg1 Rb8
38.Rg7 Ba5 39.Qg6 Rxb2 40.Qxf7+ Kc6 41.Qd7+ Kb7 42.Ng1 Qb1 43.Qxe6 Be1+ 44.Kg2 Qe4+
45.Kf1 Rb1 46.Nc1 Ba5 47.Ne2 Qh1+ 48.Ng1 Rxc1+  0-1

[Event "IV Open"]
[Site "Dos Hermanas ESP"]
[Date "2004.04.02"]
[Round "9"]
[White "Sanz Alonso,F"]
[Black "Robles Garcia,C"]
[Result "1/2-1/2"]
[WhiteElo "2379"]
[BlackElo "1917"]

1.d4 Nf6 2.Bg5 Ne4 3.Bf4 d5 4.f3 Nf6 5.e3 g6 6.c4 Bg7 7.Nc3 c6 8.Bd3 O-O
9.Nge2 Nbd7 10.cxd5 Nxd5 11.Nxd5 cxd5 12.O-O e5 13.Bg3 Qb6 14.Qb3 exd4 15.exd4 Qxb3
16.axb3 Re8 17.Ra5 Nb6 18.Bf2 Bd7 19.Nc3 Bc6 20.Nb5 Bxb5 21.Rxb5 Re6 22.Rc1 a6
23.Rbc5 Ree8 24.b4 Red8 25.Bc2 Rac8 26.Bb3 Rxc5 27.bxc5 Nc8 28.c6 bxc6 29.Rxc6 Ne7
30.Rxa6 Rb8 31.Ba2 h5 32.Kf1 Rxb2 33.Ra5 Rb4 34.Bxd5 Bxd4 35.Bxd4  1/2-1/2

[Event "77th ch-city"]
[Site "St Petersburg RUS"]
[Date "2004.04.02"]
[Round "2"]
[White "Chepukaitis,G"]
[Black "Klimov,S"]
[Result "1/2-1/2"]
[WhiteElo "2413"]
[BlackElo "2520"]

1.d4 Nf6 2.Bg5 Ne4 3.Bh4 c5 4.f3 g5 5.fxe4 gxh4 6.e3 Bh6 7.Kf2 cxd4 8.exd4 Qb6
9.Nc3 e6 10.Nf3 Nc6 11.Bb5 h3 12.gxh3 d6 13.a4 Bd7 14.Qd3 Rc8 15.Rhg1 Ne5
16.Nxe5 dxe5 17.Ne2 exd4 18.Qxd4 Qxd4+ 19.Nxd4 a6 20.Bxd7+ Kxd7 21.Kf3 Rhg8
22.Rxg8 Rxg8 23.Rd1 Ke7 24.h4 Rc8 25.c3 Bg7 26.Ke3 Rc4 27.a5 Rc5 28.Ra1 Be5
29.Kd3 Bxh2 30.b4 Rc8 31.Nf3 Bb8 32.Rg1 Rd8+ 33.Kc2 Ba7 34.Rg7 Kf6 35.Rg5 Be3
36.e5+ Ke7 37.Rg7 h6 38.Rg4 h5 39.Re4 Ba7 40.Ng5 Rf8 41.Kd3 f6 42.exf6+ Rxf6
43.c4 Bb8 44.c5 Bg3 45.Rc4 Kd7 46.Ne4 Rf3+ 47.Ke2 Rf4 48.Ke3 e5 49.Rc1 Bxh4
50.Rd1+ Kc7 51.Rd5 Be1 52.Rxe5 Rf8 53.Re7+ Kc6 54.Kd4 Bxb4 55.Re6+ Kc7 56.Re7+ Kc6
57.Re6+ Kc7 58.Re7+ Kc6 59.Re6+  1/2-1/2

[Event "TCh-CZE Extraliga 2003-4"]
[Site "Czech Rep CZE"]
[Date "2004.04.04"]
[Round "11"]
[White "Voloshin,L"]
[Black "Neuman,P"]
[Result "1/2-1/2"]
[WhiteElo "2522"]
[BlackElo "2445"]

1.d4 Nf6 2.Bg5 Ne4 3.Bf4 d5 4.e3 c6 5.Nd2 Nxd2 6.Qxd2 Bf5 7.Nf3 e6 8.Bd3 Bd6
9.Bxd6 Qxd6 10.O-O O-O 11.Bxf5 exf5 12.Qd3 g6 13.c4 dxc4  1/2-1/2

[Event "TCh-FRA Nat1 GpB"]
[Site "Montpellier FRA"]
[Date "2004.04.04"]
[Round "7"]
[White "Wirig,A"]
[Black "Kazhgaleyev,M"]
[Result "1-0"]
[WhiteElo "2418"]
[BlackElo "2568"]

1.d4 Nf6 2.Bg5 Ne4 3.Bf4 c5 4.f3 Qa5+ 5.c3 Nf6 6.Nd2 cxd4 7.Nb3 Qb6 8.Qxd4 Nc6
9.Qxb6 axb6 10.Be3 b5 11.Bd2 e5 12.a3 d6 13.Bg5 Be6 14.Nd2 d5 15.e4 b4 16.cxb4 dxe4
17.Rc1 exf3 18.Ngxf3 Nd7 19.Bc4 Bxc4 20.Nxc4 f6 21.Be3 Ke7 22.b5 Na5 23.Nb6 Nxb6
24.Bxb6 Ke6 25.Nd2 Be7 26.b4 Bd8 27.bxa5 Bxb6 28.axb6 Rhd8 29.Ne4 Rxa3 30.Nc5+ Ke7
31.Nxb7 Rd5 32.Nc5 Ra8 33.O-O Rb8 34.b7 Kd6 35.Ne4+ Kd7 36.Rfd1  1-0

[Event "Open ch-NOR"]
[Site "Oslo NOR"]
[Date "2004.04.05"]
[Round "3"]
[White "Hansen,TR"]
[Black "Adnoy,H"]
[Result "1/2-1/2"]
[WhiteElo "2388"]
[BlackElo "2211"]

1.d4 Nf6 2.Bg5 Ne4 3.Bf4 d6 4.Nd2 Nxd2 5.Qxd2 d5 6.Nf3 Bf5 7.e3 e6 8.Be2 Bd6
9.Bg3 Qe7 10.Bxd6 Qxd6 11.c4 dxc4 12.Bxc4 Nd7 13.O-O O-O-O 14.Rac1 Kb8 15.Rfd1 h5
16.Qe2 Bg4 17.h3 Rh6 18.e4 Rdh8 19.e5 Qe7 20.Kf1 Bxf3 21.Qxf3 g5 22.g3 f5
23.exf6 Rxf6 24.Qe3 Rhf8 25.Rc2 h4 26.Kg2 hxg3 27.fxg3 Nb6 28.Bb3 Qf7 29.Rdd2 Rf3
30.Qxg5 Rxg3+ 31.Qxg3 Rg8 32.Rd3 Rxg3+ 33.Rxg3 a5 34.Re2 Qd7 35.Rg4 Nd5 36.Re5 a4
37.Bxd5 exd5 38.Re2 Qb5 39.Rf2 Qd3 40.a3 Qd1 41.Rgf4 b6 42.Rf1  1/2-1/2

[Event "Open ch-NOR"]
[Site "Oslo NOR"]
[Date "2004.04.06"]
[Round "4"]
[White "Martinsen,S"]
[Black "Tjiam,D"]
[Result "0-1"]
[WhiteElo "2143"]
[BlackElo "2324"]

1.d4 Nf6 2.Bg5 Ne4 3.Bf4 d5 4.e3 g6 5.Bd3 Nf6 6.Nf3 Bg7 7.h3 c6 8.Nbd2 O-O
9.c3 a5 10.a4 b6 11.Ne5 c5 12.Qe2 Be6 13.O-O Nfd7 14.Ndf3 Qc8 15.Rac1 Nxe5
16.Nxe5 c4 17.Bc2 Nc6 18.Nf3 h6 19.e4 Ra7 20.Nd2 Nd8 21.exd5 Bxd5 22.Be4 Bxe4
23.Qxe4 Ne6 24.Bh2 Qd7 25.Nxc4 Qxa4 26.Nxb6 Qb3 27.Nd5 Rd8 28.Ne3 Qxb2 29.Rc2 Qb3
30.Qc6 a4 31.Qc4 Qxc4 32.Nxc4 Rc8 33.Na3 Rb7 34.Ra1 Rb3 35.Nb1 Bxd4 36.Rca2 Bxc3
37.Nxc3 Rbxc3 38.Be5 Rc1+ 39.Rxc1 Rxc1+ 40.Kh2 Rc4  0-1

[Event "ch-city"]
[Site "Berlin GER"]
[Date "2004.04.09"]
[Round "1"]
[White "Gaerths,R"]
[Black "Horn,S"]
[Result "1-0"]
[WhiteElo "2269"]
[BlackElo "2096"]

1.d4 Nf6 2.Bg5 Ne4 3.Bf4 c5 4.f3 Qa5+ 5.c3 Nf6 6.d5 d6 7.e4 g6 8.Na3 Nfd7
9.Nh3 Bg7 10.Qd2 Ne5 11.Nf2 h5 12.Be2 Nbd7 13.Be3 Nf6 14.h3 O-O 15.O-O Rb8
16.f4 Ned7 17.Nc4 Qc7 18.a4 b6 19.e5 Ne8 20.e6 fxe6 21.dxe6 Ndf6 22.Qc2 Bxe6
23.Qxg6 Qc8 24.Bd3 Bf7 25.Qg3 a6 26.Bd2 Kh8 27.Qh4 Nd5 28.Ne4 b5 29.axb5 axb5
30.Ne3 Nxe3 31.Bxe3 c4 32.Bc2 Rb7 33.Ng5 Nf6 34.Bd4 Qe8 35.Rae1 e6 36.g4 Kg8
37.Nf3 Re7 38.Bxf6 Bxf6 39.Qxf6 hxg4 40.Qg5+  1-0

[Event "Pobeskydi Technomont Cup"]
[Site "Frydek Mistek CZE"]
[Date "2004.04.09"]
[Round "3"]
[White "Karhanek,P"]
[Black "Schwarz,D"]
[Result "1-0"]
[WhiteElo "2208"]
[BlackElo "2265"]

1.d4 Nf6 2.Bg5 Ne4 3.Bf4 c5 4.d5 Qb6 5.Bc1 g6 6.f3 Nd6 7.e4 Bg7 8.Nc3 f5
9.exf5 Nxf5 10.g4 Nh6 11.d6 e6 12.Nb5 Na6 13.h4 Qc6 14.h5 Nxg4 15.hxg6 O-O
16.Rxh7 c4 17.Nd4 Qd5 18.Rxg7+ Kxg7 19.fxg4 Qe5+ 20.Nde2 Qf6 21.Bf4 e5 22.g5 Qf5
23.Ng3 Qe6 24.Bh3 Qe8 25.Be3 Qxg6 26.Qd5 Nb4 27.Qxe5+ Kg8 28.Bf5 Qe8 29.Qxe8 Rxe8
30.Kd2 Rxe3 31.Kxe3  1-0

[Event "Pobeskydi Technomont Cup"]
[Site "Frydek Mistek CZE"]
[Date "2004.04.10"]
[Round "5"]
[White "Karhanek,P"]
[Black "Holeksa,Z"]
[Result "0-1"]
[WhiteElo "2208"]
[BlackElo "2195"]

1.d4 Nf6 2.Bg5 Ne4 3.Bf4 c5 4.d5 Qb6 5.Bc1 g6 6.f3 Nf6 7.e4 Bg7 8.c4 O-O
9.Nc3 e6 10.Bd3 exd5 11.exd5 d6 12.Nge2 Nbd7 13.f4 Ne8 14.O-O f5 15.Rb1 Qd8
16.Be3 Ndf6 17.Kh1 Bd7 18.a3 Rf7 19.Bg1 Re7 20.b4 b6 21.Re1 Nc7 22.Qd2 Qf8
23.bxc5 bxc5 24.Bf2 Ng4 25.Bh4 Bf6 26.Bxf6 Qxf6 27.Rf1 Rae8 28.Ng1 Bc8 29.Nf3 Ba6
30.Rfe1 Ne3 31.Ne5 Nxg2 32.Qxg2 dxe5 33.Bf1 exf4 34.Rxe7 Rxe7 35.Qd2 Ne8
36.Na4 Qd6 37.Qa5 Rc7 38.Re1 Ng7 39.Rb1 Ne8 40.Re1 Ng7 41.Rb1 Kf7 42.Nb6 Bb7
43.Na4 Bc8 44.Re1 Nh5 45.Qb5 Nf6 46.Qb8 f3 47.Qb2 Ng4 48.h3 f2  0-1

[Event "ACP Blitz Prelim1"]
[Site "playchess.com INT"]
[Date "2004.04.12"]
[Round "6"]
[White "McShane,L"]
[Black "Agababean,N"]
[Result "1-0"]
[WhiteElo "2656"]
[BlackElo "2216"]

1.d4 Nf6 2.Bg5 Ne4 3.Bf4 c5 4.Nd2 Nxd2 5.Qxd2 cxd4 6.Nf3 Nc6 7.Nxd4 a6 8.O-O-O Qb6
9.Nxc6 bxc6 10.e4 g6 11.Qc3 f6 12.Be3 Qc7 13.h4 Bg7 14.h5 d6 15.Bc4 Bd7 16.Bb3 a5
17.Qc4 Rf8 18.hxg6 hxg6 19.Rh7 Bh8 20.Bh6 O-O-O 21.Bxf8 Rxf8 22.Rdh1  1-0

[Event "ACP Blitz Prelim4"]
[Site "playchess.com INT"]
[Date "2004.04.15"]
[Round "1"]
[White "Polaczek,R"]
[Black "Golod,V"]
[Result "1/2-1/2"]
[WhiteElo "2426"]
[BlackElo "2552"]

1.d4 Nf6 2.Bg5 Ne4 3.Bf4 d5 4.e3 c6 5.Bd3 Nf6 6.c4 Nbd7 7.Nc3 dxc4 8.Bxc4 Nb6
9.Bb3 Nbd5 10.Bg3 Be6 11.Nge2 g6 12.O-O Bg7 13.Rc1 O-O 14.Nf4 Nxf4 15.Bxf4 Bxb3
16.Qxb3 Qb6 17.Qc2 Nd5 18.Nxd5 cxd5 19.b3 e6 20.Qc7 Rfe8 21.Rc2 Qb5 22.Rfc1 a5
23.Be5 a4 24.Bxg7 Kxg7 25.Qc5 Qxc5 26.Rxc5 axb3 27.axb3 Ra2 28.g3 Rb2 29.Rb5 Re7
30.Rc8 h5 31.b4 b6 32.Rxb6 Ra7 33.Rc1 Raa2 34.Rf1 Ra4 35.b5 Ra5 36.Rb8 Raxb5
37.Rxb5 Rxb5 38.h4 Kf6 39.Rc1  1/2-1/2

[Event "ACP Blitz Prelim4"]
[Site "playchess.com INT"]
[Date "2004.04.15"]
[Round "3"]
[White "Polaczek,R"]
[Black "Socko,B"]
[Result "1/2-1/2"]
[WhiteElo "2426"]
[BlackElo "2579"]

1.d4 Nf6 2.Bg5 Ne4 3.Bf4 c5 4.d5 Qb6 5.Nd2 Qxb2 6.Nxe4 Qb4+ 7.Qd2 Qxe4 8.Nf3 d6
9.e3 g6 10.c4 Qf5 11.Bd3 Qg4 12.O-O Bg7 13.Rab1 O-O 14.e4 Na6 15.e5 Nb4 16.Rxb4 cxb4
17.exd6 exd6 18.Bxd6 Re8 19.Bxb4 Bf5 20.h3 Qh5 21.Be2 Qh6 22.Qd1 Qf4 23.g3 Qe4
24.Re1 Qc2 25.Qxc2 Bxc2 26.c5 Be4 27.Bb5 Bxf3 28.Rxe8+ Rxe8 29.Bxe8 Bxd5
30.Bd7 Bxa2 31.c6 bxc6 32.Bxc6 Bd4 33.Bb5 Be6 34.h4 Bb6 35.Kf1 Bb3 36.f3 a5
37.Ba3 Bd1 38.Bc6 Bc7 39.g4 Bg3 40.h5 Kg7 41.hxg6 hxg6 42.Kg2 Be1 43.Kf1 Bb4
44.Bb2+ Kf8 45.Bd5 Ke7 46.g5 a4 47.Bf6+ Kf8 48.Kf2 Bb3 49.Bxb3 axb3 50.Bb2 Bd2
51.Ke2 Bxg5 52.Kd3 Ke7 53.Kc4 Bf6 54.Ba3+ Ke6 55.Kxb3 Kf5 56.Bc1 Bg5 57.Ba3 Be3
58.Bd6 Bf4 59.Bb4 Be5 60.Bd2 Bf4 61.Bb4 Kg5 62.Be7+ Kf5 63.Kc2 Be5 64.Kd3 Kf4
65.Ke2 f5 66.Bd8 g5 67.Be7 Bd4 68.Bd8 g4 69.fxg4 Kxg4 70.Kf1 f4 71.Be7 f3
72.Bd6 Be3 73.Bc7 Bd4 74.Bd6 Be3 75.Bc7 Bd4 76.Bd6  1/2-1/2

[Event "ACP Blitz Prelim4"]
[Site "playchess.com INT"]
[Date "2004.04.15"]
[Round "5"]
[White "Polaczek,R"]
[Black "Zaitsev,M"]
[Result "0-1"]
[WhiteElo "2426"]
[BlackElo "2466"]

1.d4 Nf6 2.Bg5 Ne4 3.Bf4 d5 4.e3 Nd7 5.Bd3 Ndf6 6.Ne2 e6 7.O-O Bd6 8.c4 O-O
9.Bxd6 Nxd6 10.Nd2 dxc4 11.Nxc4 Nxc4 12.Bxc4 b6 13.Rc1 Bb7 14.a3 Qe7 15.b4 e5
16.Bb5 Rad8 17.Bc6 Bc8 18.Qc2 Bg4 19.dxe5 Qxe5 20.Nd4 a5 21.Bb7 Qh5 22.Nc6 Rde8
23.bxa5 bxa5 24.Nd4 Re7 25.Qc5 Re5 26.Qxc7 Rg5 27.f4 Rg6 28.Rf2 Rh6 29.g3 Bd7
30.Bf3 Bg4 31.Rc5 Qh3 32.Bg2 Qxh2+ 33.Kf1 Qxg3 34.f5 Qxe3 35.Nc6 Bh3 36.Ne7+ Kh8
37.Qd6 Bxg2+ 38.Kxg2 Qh3+ 39.Kg1 Qh1+  0-1

[Event "ACP Blitz Prelim4"]
[Site "playchess.com INT"]
[Date "2004.04.15"]
[Round "7"]
[White "Polaczek,R"]
[Black "Svidler,P"]
[Result "0-1"]
[WhiteElo "2426"]
[BlackElo "2733"]

1.d4 Nf6 2.Bg5 Ne4 3.Bf4 c5 4.d5 Qa5+ 5.c3 e6 6.f3 Nf6 7.e4 exd5 8.exd5 d6
9.Na3 Be7 10.Bb5+ Bd7 11.Bxd7+ Nbxd7 12.Nc4 Qa6 13.Ne3 O-O 14.Ne2 Rfe8 15.O-O Bf8
16.g4 g6 17.b3 Ne5 18.c4 b5 19.cxb5 Qxb5 20.Nc3 Qd3 21.Rc1 Bg7 22.Qc2 Qxc2
23.Rxc2 Nd3 24.Bg5 h6 25.Bxf6 Bxf6 26.Nc4 Nb4 27.Rcc1 Bd4+ 28.Kh1 Bxc3 29.Rxc3 Nxd5
30.Rd3 Nf4 31.Rxd6 Re2 32.Rd7 Rae8 33.Nd6 R8e7 34.Rxe7 Rxe7 35.Ne4 Kg7 36.Rc1 Rd7
37.Nxc5 Rd2 38.a4 Rf2 39.b4 Rxf3 40.b5 Ra3 41.Rb1 Kf6 42.b6 axb6 43.Rxb6+ Kg5
44.Kg1 Kxg4 45.Rb4 Kf3 46.Rb3+ Rxb3 47.Nxb3 Nd5 48.a5 Nc7 49.Nd4+ Ke4 50.Nc6 Kd5
51.Nd8 f5 52.Nf7 h5 53.Nh8 g5 54.Nf7 g4 55.Kf2 f4 56.Nh8 Ke4 57.Ng6 Na6  0-1

[Event "ACP Blitz Prelim4"]
[Site "playchess.com INT"]
[Date "2004.04.15"]
[Round "10"]
[White "Polaczek,R"]
[Black "Harikrishna,P"]
[Result "0-1"]
[WhiteElo "2426"]
[BlackElo "2599"]

1.d4 Nf6 2.Bg5 Ne4 3.Bf4 d6 4.Nd2 Nf6 5.e3 g6 6.Ngf3 Bg7 7.h3 O-O 8.Be2 Nbd7
9.O-O b6 10.a4 a6 11.c3 Bb7 12.Qb3 Rb8 13.Qc2 Re8 14.Bh2 e5 15.Nc4 exd4 16.Nxd4 Ne4
17.Bf3 Ndf6 18.Nd2 Qd7 19.Nxe4 Nxe4 20.Rfd1 h5 21.Ne2 Ng5 22.Bxb7 Rxb7 23.Nf4 b5
24.axb5 Qxb5 25.Ra2 Ne4 26.Rda1 Rb6 27.Nd3 Reb8 28.Ra5 Qe8 29.Rxa6 Rxa6 30.Rxa6 Qb5
31.Ra7 Nc5 32.Nb4 Ne6 33.Nd3 Bf6 34.Ra2 Kg7 35.c4 Qb3 36.Qxb3 Rxb3 37.Nf4 Nxf4
38.Bxf4 Bxb2 39.Ra7 Kf6 40.Rxc7 Ba3 41.Rc6 Ke7 42.Rc7+ Ke6 43.h4 f6 44.Ra7 Bc5
45.Ra6 Rc3 46.Ra4 Kf5 47.Bg3 g5 48.hxg5 fxg5 49.Ra6 h4 50.Bxd6 Rc1+ 51.Kh2 Bxd6+
52.Rxd6 Rxc4 53.Rd5+ Kf6 54.Rd6+ Kf5 55.Rd5+ Kf6 56.Rd6+ Ke5 57.Rg6 Kf5 58.Rg8 Rc2
59.Kg1 Kg4 60.e4 Kf4 61.e5 Re2 62.e6 Rxe6 63.g3+ hxg3 64.fxg3+ Kg4 65.Kf2 Rf6+
66.Kg2 Rb6 67.Kf2 Rb2+ 68.Kf1 Kf3 69.Rf8+ Kxg3 70.Rc8 Rb1+ 71.Ke2 g4 72.Rc3+ Kg2
73.Rc2 g3 74.Ke3+ Kh3 75.Kf3 Rf1+  0-1

[Event "Rapid"]
[Site "Beer Sheva ISR"]
[Date "2004.04.20"]
[Round "9"]
[White "Golod,V"]
[Black "Tyomkin,D"]
[Result "1-0"]
[WhiteElo "2552"]
[BlackElo "2503"]

1.d4 Nf6 2.Bg5 Ne4 3.Bf4 c5 4.d5 Qb6 5.Bc1 e5 6.f3 Nd6 7.e4 g6 8.Nc3 Qd8
9.Be3 b6 10.Qd2 Bg7 11.Nh3 O-O 12.Nf2 f5 13.exf5 gxf5 14.f4 exf4 15.Bxf4 Re8+
16.Kd1 Qf6 17.Bxd6 Qxd6 18.Nb5 Qe5 19.Nd3 Qxd5 20.Nc7 Qf7 21.Nxe8 Qxe8 22.Nf4 Bb7
23.Bc4+ Kh8 24.Bd5 Bxd5 25.Qxd5 Nc6 26.c3 Qe3 27.g3 Re8 28.Kc2 Nd4+ 29.cxd4 Qf2+
30.Kd1 Re4 31.Qa8+  1-0